Dapur Wawa

Bibliographic Details
Main Author: Ika Madera
Format: Book
Published: Bandar Baru Bangi : Jemari Seni Sdn. Bhd. , 2012
Subjects:

MARC

LEADER 00000cam a2200000 7i4500
001 0000164609
005 20120809.0
020 |a 9789675118814 
090 0 0 |a F   |b IKA 
100 0 |a Ika Madera 
245 1 0 |a Dapur Wawa   |c Ika Madera 
260 |a Bandar Baru Bangi :   |b Jemari Seni Sdn. Bhd. ,   |c 2012 
300 |a 417p. ;   |c 19cm. 
650 0 0 |a Malay fiction 
999 |a 00264997   |b BUKU   |c PINJAMAN   |e PERPUSTAKAAN KOMUNITI PETALING JAYA 
999 |a 00264998   |b BUKU   |c PINJAMAN   |e PERPUSTAKAAN KOMUNITI PETALING JAYA 
999 |a 00264999   |b BUKU   |c PINJAMAN   |e PERPUSTAKAAN KOMUNITI CAW KOTA DAMANSARA 
999 |a 00286515   |b BUKU   |c PINJAMAN   |e PERPUSTAKAAN KOMUNITI CAW KOTA DAMANSARA